Quizzes
Events
Quiz Creation
Community
Videos
Private Events
Remove Ads
Sign In
Join for FREE
Feedback
Dark Mode
Quiz Categories
Sports
Geography
Music
Movies
Television
Just For Fun
Miscellaneous
History
Literature
Language
Science
Gaming
Entertainment
Religion
Holiday
For Kids
Quiz Lab
Recent
Popular Today
Quiz Kudos Today
Editor Picks
Curator Picks
Quizzes by...
Day
Popularity
Type
Ratings
Length
Year
Community
Subscriptions
Recent Discussions
Orange Saloon
Badges
Playlists
Quests
Create
Leaderboards
Showdown
Live 5
Trivia Bingo
Activity
Puzzle Library
Sporcle Events
Private Events
Virtual Trivia
Globe League
Become a Host
Pub Owners
SporcleCon
Opinionation
Our Games
Videos
Blog
Mobile Apps
Partnerships
Remove Ads and Go Orange
Feedback
Movies
Disney
Marvel Cinematic Universe
Movie Resume
Movie Titles
Oscar
Actor
Actress
Director
Pixar
Role
Movie Quotes
Movie Characters
Box Office
Nominee
Best Picture
Star Wars
James Bond
Horror Movies
Movies
Disney
Marvel Cinematic Universe
Movie Resume
Movie Titles
Oscar
Actor
Actress
Director
Pixar
Role
Movie Quotes
Movie Characters
Box Office
Nominee
Best Picture
Star Wars
James Bond
Horror Movies
Random Quiz
Search Sporcle
×
Quiz Lab
Quiz Lab
Movies
Clickable
Select answers by clicking on text or image buttons
Select answers by clicking on text or image buttons
Clickable
Best Score? Go Orange.
Name the Movie or TV show by Actors Stats
Can you pick the Name the Movie or TV show by Actors?
By
AxelFoley
20m
100 Questions
63 Plays
63 Plays
63 Plays
Comments
Comments
Give Quiz Kudos
Give Quiz Kudos
-
- Ratings
hide this ad
Forced Order
Answers have to be entered in order
Answers have to be entered in order
Replay
Link that replays current quiz
Next Quiz
Link to next quiz in quiz playlist
You Got
0%
They Got
Avg Score
53%
Avg Friend Score
Upgrade to see
Score Distribution
Jump to the score distribution portion of the page
Score
0/100
Timer
20:00
0
Plays Today
% Correct
Married With Children
93.7%
The Godfather
92.1%
Terminator 2: Judgement Day
81%
Rocky 3
79.4%
Rocky
77.8%
The Godfather Part 2
76.2%
Silver Linings Playbook
76.2%
Goodfellas
76.2%
Rocky 4
76.2%
The Godfather Part 3
74.6%
The Departed
74.6%
Lethal Weapon
74.6%
Lethal Weapon 4
74.6%
Airplane!
74.6%
Django Unchained
73%
Terminator
73%
Back to the Future
73%
Back to the Future Part 2
73%
Pulp Fiction
73%
Taxi Driver
71.4%
The Wonder Years
69.8%
It's Always Sunny in Philadelphia
69.8%
Miami Vice
69.8%
The Karate Kid
69.8%
Saved By the Bell
68.3%
Saving Private Ryan
68.3%
Chasing Amy
66.7%
The Office (U.S. Version)
66.7%
True Lies
66.7%
Malcolm in the Middle
65.1%
Being John Malkovich
65.1%
Swingers
63.5%
A Clockwork Orange
63.5%
Major League
63.5%
% Correct
Major League 2
63.5%
Deliverance
63.5%
Die Hard
63.5%
Coming to America
63.5%
The Usual Suspects
61.9%
Beverly Hills Cop
61.9%
The Office (U.K. version)
60.3%
National Lampoon's Vacation
60.3%
48 Hrs.
60.3%
Unforgiven
60.3%
Die Hard 2
60.3%
Apocalypse Now
60.3%
Rocky 5
58.7%
Se7en
58.7%
500 Days of Summer
58.7%
Casino
57.1%
The Deer Hunter
57.1%
Platoon
57.1%
American Psycho
57.1%
Any Given Sunday
57.1%
Looper
57.1%
Donnie Brasco
55.6%
Glory
55.6%
The Running Man
54%
Bowfinger
54%
Wild Things
54%
In the Line of Fire
54%
Raging Bull
50.8%
Blue Chips
50.8%
Robocop
50.8%
Everybody Hates Chris
50.8%
Enter the Dragon
49.2%
Die Hard: With a Vengeance
49.2%
My So-Called Life
49.2%
% Correct
Saturday Night Fever
49.2%
Office Space
49.2%
Carlito's Way
47.6%
He Got Game
47.6%
Fear
47.6%
Stakeout
47.6%
National Lampoon's European Vacation
46%
True Romance
41.3%
Side Effects
36.5%
Beverly Hills Cop 2
36.5%
Jungle Fever
36.5%
Saturday Night Live
36.5%
End of Watch
36.5%
Juice
34.9%
Malcolm X
33.3%
Caligula
31.7%
Colors
31.7%
Narc
31.7%
The Wire
27%
Freeway
23.8%
Menace II Society
23.8%
Showdown in Little Tokyo
22.2%
Oz
19%
The Great White Hype
19%
Game of Death
19%
Gridlock'd
19%
The Last Dragon
12.7%
New York Undercover
12.7%
Out of This World
12.7%
Cop Rock
11.1%
South Central
9.5%
Return of the Dragon
3.2%
Quiz Playlist
Details
Report
Send in Message
Add To Playlist
Clickable:
Select answers by clicking on text or image buttons
Forced Order:
Answers have to be entered in order
Last Updated: Feb 16, 2017
Quiz Scoreboard
CHALLENGE
Sign Up to Join the Scoreboard
Show All
Scores
Hide
Comments
May contain spoilers
Recently Published
Movies - When Are They Set?
by FPL_Elf
Movies
5m
Popular People in 1961
by mucciniale
History
6m
1-10 Letter E Words III
by El_Dandy
Language
2m
More to Explore
Quiz From the Vault
Featured Blog Post
Where Did the Easter Bunny Come From?
hide this ad
You Might Also Like...
Tags
Actor Quiz
Clickable Quiz
Show Quiz
Today's Top Quizzes in Movies
Browse Movies
hide this ad
Today's Top Quizzes in Clickable
Browse Clickable
Top Contributed Quizzes in Movies
1
Multi-Oscar Nominations, One Movie, One Winner
2
12 Movies about Fictional 1960s Events
3
One Thing in Common: Movies
4
One Thing in Common: Movies II
5
Sunday Crossword: Film Score Composers
6
Three Word 'T' Movies Match Up
7
Three Word 'H' Movies Match Up
8
Three Word 'M' Movies Match Up
9
One Thing in Common: Oscars
10
Three Word 'P' Movies Match Up
Explore More
Trending Topics
NBA
Crossword
Disney
Harry Potter
Kpop
Anime
Marvel
Puzzle
The Office
NFL
Country
Song
WWE
Soccer
Pokémon
hide this ad
More By:
AxelFoley
Quiz
Plays
Rating
Category
Featured
Created
Robert De Niro Films (Clickable)
568
4.55
Movies
Mar 15, 2013
80s Movies by Characters 1
292
4.40
Movies
Feb 11, 2013
Name the NFL Player By Teams
259
4.33
Sports
Mar 6, 2013
80s Movies by Character 2
164
3.67
Movies
Feb 12, 2013
Name the Samuel L. Jackson Movie
137
4.67
Movies
Mar 16, 2013
Go to Creator's Profile
Score Distribution
Quiz Creator Spotlight
AxelFoley
Follow
Send a Message
Quizzes Created
-
Created Quiz Play Count
-
More By This Creator
Popular Quizzes Today
1
Find the US States - No Outlines Minefield
2
Find the Countries of Europe - No Outlines Minefield
3
The Countries of the World
4
Popular People in 1961
5
1-10 Letter E Words III
6
US States
7
Find the US States
8
One Thing in Common: World Cities II
More Movies Quizzes
Follow that Line: Pixar
Quiz Lab
Trending Quizzes
Risky Map Clicking: Least Populous States A-Z
1-10 Letter F Words
1-10 Letter G Words
One Thing in Common: United Kingdom
Risky Map Clicking: Next State Alphabetically
Recently Updated
Leaping Animals
pecheneg
Reality TV Shows (A-Z)
bhenderson79
Rickey Henderson's Hall of Fame Teammates
pecheneg
Champions League XIs: Arsenal
pecheneg
Quick Pick: Celebrities in WWE's Hall of Fame
aduchscher
A-Z Keypad Blitz II
pecheneg
Multiple Oscar Actors
pecheneg
Mystery Phrase Blitz: Oscar 'Best Actors'
pecheneg
F. Scott Fitzgerald Novels
LTH
Pick 3 Villains
ddd62291
Trending Topics
Harry Potter
NBA
Crossword
Kpop
Disney
Marvel
Anime
Soccer
NFL
The Office
Country
Pokémon
Puzzle
Song
WWE
Your Account Isn't Verified!
In order to create a playlist on Sporcle, you need to verify the email address you used during registration. Go to your
Sporcle Settings
to finish the process.
Report this User
Report this user for behavior that violates our
Community Guidelines
.
Details:
Send Report
Go to the Sporcle.com Mobile Site →
Comments